Manual kehamilan panduan penjagaan ibu dan bayi
Panduan penjagaan ibu dan bayi.
Saved in:
| Main Author: | |
|---|---|
| Format: | Book |
| Language: | Malay |
| Published: |
Batu Caves, Selangor
Must Read
[2014]
|
| Subjects: | |
| Tags: |
Add Tag
No Tags, Be the first to tag this record!
|
| Call Number : | med WQ 200 .T46 2014 |
MARC
| LEADER | 00000nam a2200000 i 4500 | ||
|---|---|---|---|
| 001 | 98211 | ||
| 003 | MY-KLNDU | ||
| 005 | 20241220022443.0 | ||
| 008 | 221104 2014 my a bi 000 0 may d | ||
| 020 | |a 9789670392974 | ||
| 039 | 9 | |a 202211041133 |b VLOAD |c 201602151336 |d azraai |c 201602151336 |d azraai |c 201602151334 |d azraai |y 201511231205 |z zubir | |
| 040 | |a UPNM |b eng |c UPNM |e rda | ||
| 060 | |a WQ 200 | ||
| 090 | |a med WQ 200 |b .T46 2014 | ||
| 100 | 0 | |a Tengku Azmanira Raja Husin |e author | |
| 245 | 1 | 0 | |a Manual kehamilan |b panduan penjagaan ibu dan bayi |c Tengku Azmanira Raja Husin |
| 264 | 1 | |a Batu Caves, Selangor |b Must Read |c [2014] | |
| 264 | 4 | |c ©2014 | |
| 300 | |a xxi, 360 pages |b illustrations |c 29 cm | ||
| 336 | |a text |2 rdacontent | ||
| 337 | |a unmediated |2 rdamedia | ||
| 338 | |a volume |2 rdacarrier | ||
| 504 | |a Includes bibliographical references and index | ||
| 505 | 0 | |a Asal kejadian manusia -- Pra kehamilan -- Kehamilan -- Kelahiran -- Berpantang -- Keguguran -- Penyusuan -- Penjagaan bayi -- Imunisasi dan jangkitan awal -- Perkembangan bayi -- Pemakanan bayi -- Kembali normal -- Pilihan nama | |
| 520 | |a Panduan penjagaan ibu dan bayi. | ||
| 592 | |a IN17072 |b 26/1/16 |c RM75.00 |h Intrabakti | ||
| 650 | 0 | |a Pregnancy |v Handbooks, manuals, etc | |
| 650 | 0 | |a Infants |x Care | |
| 650 | 0 | |a Child care | |
| 650 | 0 | |a Mothers |x Health and hygiene | |
| 650 | 0 | |a Children |x health and hygiene | |
| 650 | 0 | |a Childbirth | |
| 650 | 0 | |a Obstetrics | |
| 650 | 1 | 2 | |a Pregnancy |
| 650 | 2 | 2 | |a Delivery, Obstetric |
| 650 | 2 | 2 | |a Postpartum Period |
| 650 | 2 | 2 | |a Women's Health |
| 999 | |a vtls000054838 |c 98211 |d 98211 | ||


